90 años de la Escuela de Derecho de la Universidad de Valparaíso
Uloženo v:
| Korporativní autor: | |
|---|---|
| Médium: | Kniha |
| Jazyk: | španělština |
| Vydáno: |
Valparaíso
EDEVAL
2002
|
| Vydání: | 1a. ed |
| Témata: | |
| Tagy: |
Přidat tag
Žádné tagy, Buďte první, kdo vytvoří štítek k tomuto záznamu!
|
MARC
| LEADER | 00000cam a2200000 a 4500 | ||
|---|---|---|---|
| 001 | UCC4257 | ||
| 003 | CL-VaPUC | ||
| 008 | 180727e20020000cl |||||||||||||||||spa|d | ||
| 020 | |a 9562000842 | ||
| 082 | 0 | 4 | |a 378.83 |b UNI |2 21 |
| 110 | 2 | |a Universidad de Valparaíso |e author |9 598414 | |
| 245 | 1 | 0 | |a 90 años de la Escuela de Derecho de la Universidad de Valparaíso |
| 250 | |a 1a. ed | ||
| 300 | |a 354 p | ||
| 942 | |c BK | ||
| 945 | |d 20180727 12:54:00 |a dcastane | ||
| 260 | |a Valparaíso |b EDEVAL |c 2002 | ||
| 650 | 0 | |a Educación superior |9 223851 | |
| 650 | 0 | |a Universidades chilenas |9 407335 | |
| 650 | 0 | |a Escuelas de derecho |9 257536 | |
| 583 | |a last modification |c 20180727 12:54:00 |k Rodrigo Vera | ||
| 999 | |c 371810 |d 371808 | ||
| 952 | |0 0 |1 0 |3 erb |4 0 |6 378_830000000000000_UNI_2002 |7 0 |8 A |9 489006 |a BIBDER |b BIBDER |e Mateluna Arestizabal, Alfredo Sergio |i 5483204 |o 378.83 UNI 2002 |p 5483204 |r 2023-01-25 |w 2019-11-24 |y BK |z Catalogado en:20180727 |k DER | ||